000075248 001__ 75248 000075248 005__ 20180927145446.0 000075248 037__ $$aTAZ-TFG-2018-1333 000075248 041__ $$aspa 000075248 1001_ $$aRoyo Andia, Sara 000075248 24200 $$aThe process of reconciliation in Syria: the agenda of the European Union 000075248 24500 $$aEl proceso de reconciliación en Siria: la agenda de la Unión Europea 000075248 260__ $$aZaragoza$$bUniversidad de Zaragoza$$c2018 000075248 506__ $$aby-nc-sa$$bCreative Commons$$c3.0$$uhttp://creativecommons.org/licenses/by-nc-sa/3.0/ 000075248 520__ $$aEl objeto de este Trabajo Fin de Grado es examinar la incidencia de la guerra en Siria y el plan trazado por la Unión Europea para la región. Los esfuerzos realizados, en especial, por la Unión Europea, en consonancia con Naciones Unidas, van encaminados a construir un Estado estable, estructurado y que proteja los derechos de sus ciudadanos. Ante la movilización popular siria impulsada por la expansión de la Primavera Árabe, el presidente sirio, Bashar al-Assad, reaccionó con brutalidad para reprimir a los opositores demandantes de cambios en el régimen. Estas revueltas, inicialmente pacíficas, han derivado en una guerra con matices internacionales, quedando así lejos de ser considerada como un conflicto interno dado el carácter cada vez más sectario del mismo y la implicación de actores internacionales que han tomado partido a favor de uno u otro de los grupos enfrentados en función de determinados intereses y con sus respectivos apoyos regionales, haciendo a su vez frente a la amenaza terrorista. En este conflicto, que ya ha alcanzado su séptimo año, las partes han transgredido el Derecho Internacional al haber cometido con impunidad crímenes de guerra y violaciones tanto de los Derechos Humanos, como del Derecho Internacional Humanitario. Las víctimas tienen derecho a que se haga justicia. Otra de las consecuencias derivadas de esta guerra es la crisis de refugiados. Siria es hoy un Estado en crisis, un país exportador de terrorismo, desestabilizador y cuyo régimen en ocasiones ha empleado armas químicas contra su población, constituyendo, en suma, una amenaza para la paz y la seguridad internacionales. 000075248 521__ $$aGraduado en Derecho 000075248 540__ $$aDerechos regulados por licencia Creative Commons 000075248 700__ $$aGamarra Chopo, Yolanda$$edir. 000075248 7102_ $$aUniversidad de Zaragoza$$bDerecho Público$$cDer. Internacional Público y RR. Internacionales 000075248 8560_ $$f700536@celes.unizar.es 000075248 8564_ $$s470522$$uhttps://zaguan.unizar.es/record/75248/files/TAZ-TFG-2018-1333.pdf$$yMemoria (spa) 000075248 909CO $$ooai:zaguan.unizar.es:75248$$pdriver$$ptrabajos-fin-grado 000075248 950__ $$a 000075248 951__ $$adeposita:2018-09-27 000075248 980__ $$aTAZ$$bTFG$$cDER 000075248 999__ $$a20180614020657.CREATION_DATE